00618 2200229 4500001002100000005001700021020001900038035002500057040001200082082002100094082002500115090002500140100001400165245005400179260003400233300003700267650002400304850001200328990001600340990001600356990001600372YOGYA00000000009924620160420144600.0 a979-3896-485-1 a0010-101300000000127 aYOPDYOG 2[22]a641.595823 aNUS 641.595823 Raf J aNUS 641.595823 Raf J aRAFFENDIE aJogja culinary recommendedc/ Raffendie, Tuti Han aYogyakarta :bGrafindo,c2012 a[66] hlm.:bilus.;c15 cm(3 eks) aMakananzYogyakarta aYOPDYOG a0694/B.2013 a0695/B.2013 a0696/B.2013